Coupe du Monde 1966: Un joueur, une équipe - Statistiques

Statistiques générales
  • Ce quiz a été pris 40 fois
  • Le résultat moyen est 14 sur 16
Statistiques - réponses
Réponse % Correct
Portugal
100%
URSS
100%
Brésil
97%
France
97%
Italie
97%
Angleterre
92%
Allemagne de l'Ouest
89%
Bulgarie
89%
Mexique
89%
Corée du Nord
86%
Espagne
86%
Hongrie
83%
Chili
78%
Uruguay
78%
Argentine
75%
Suisse
69%
Aucun quiz correspondant
Distribution des résultats
% des personnes avec chaque résultat
Percentile par nombre de réponses
Votre historique - résultats
Vous n’avez pas pris ce quiz